| 000 | 00392nam a2200157Ia 4500 | ||
|---|---|---|---|
| 008 | 230312s9999||||xx |||||||||||||| ||und|| | ||
| 020 | _a0-07-293215-5 | ||
| 082 |
_a658.40352 _bPIN-S |
||
| 100 | _aPinto Jeferey , K. | ||
| 245 | 0 | _aSim Project | |
| 260 |
_bMcGraw Hill _aNew York _c2003 |
||
| 300 | _a87 | ||
| 546 | _aEng. | ||
| 650 |
_aManagement _vDisplaying result , Time ,Cost |
||
| 942 | _cBK | ||
| 999 |
_c522 _d522 |
||